|
|
|
|
| LEADER |
00000nam a2200000 a 4500 |
| 001 |
vtls008187282 |
| 003 |
SK-MaSNL |
| 005 |
20260301204340.0 |
| 008 |
240318 000 0 eng |
| 040 |
|
|
|a SNK
|b slo
|c SNK
|e AACR2
|
| 100 |
1 |
|
|a Baldajev, R. L.
|4 aut
|9 589008
|
| 245 |
1 |
0 |
|a Bibliografija Mongoľskoj narodnoj respubliki
|b knigi i stat`i na russkom jazyke (951 - 1961)
|
| 260 |
|
|
|a Moskva
|b Izdateľstvo Vostočnoj Literatury
|c 1963
|
| 300 |
|
|
|a 120 s.
|
| 999 |
|
|
|c 906085
|d 908015
|
| 952 |
|
|
|a SNK
|b SNK
|y VYP
|7 0
|p 17A0483409
|o snkIC 34706
|i snkV 1631/63
|3 Rekatalogizácia
|0 0
|1 0
|4 0
|d 2005-08-01
|l 0
|r 2026-02-24 07:28:31
|w 2026-02-24
|